000 00267 a2200109 4500
020 _a0830645918
082 _a005.73 SHA
100 _aShammas, Namir C.
245 _aVisual C++ Generic Programming
_cN. C. Shammas
260 _aUS
_bMcGraw Hill
_c1994
300 _ax, 318p. :
_c25cm
650 _aC++
999 _c164
_d164